Music Quiz

Random Music or Song Quiz

Backwards Songs Quiz Stats

Quiz Updated Jan 11, 2017

Challenge
Share
Tweet
Score 0/44 Timer 15:00
2 Plays Today
Time Song title % Correct
0:18Respect
84.8%
1:08Stayin' Alive
77.7%
0:12(I Can't Get No) Satisfaction
71.8%
3:36Ice Ice Baby
69.6%
1:14Who Are You
68%
3:25I Will Always Love You
66.4%
2:02Billie Jean
66.2%
4:24Umbrella
63.5%
2:07Jump
60.2%
0:43Smoke On The Water
59%
4:18Hey Ya!
58.6%
1:49Tainted Love
57.8%
4:36Poker Face
57.2%
1:56Another One Bites The Dust
56.3%
3:19Smells Like Teen Spirit
55.8%
4:42I Gotta Feeling
54.1%
2:21Come On Eileen
52.5%
3:53Loser
52.3%
0:55Low Rider
51.7%
0:49Sweet Home Alabama
50.7%
3:31Wannabe
50.7%
3:45Under The Bridge
49.5%
Time Song title % Correct
1:34My Sharona
48.6%
1:42Another Brick In The Wall (Part 2)
47.2%
4:30Viva La Vida
46.6%
4:06My Name Is
44.9%
3:11Enter Sandman
44.8%
1:27Whip It
44.5%
2:14Don't Stop Believin'
43.4%
0:30Stairway To Heaven
41.8%
4:00…Baby One More Time
35.6%
0:25Hey Jude
33%
2:2899 Luftballons / 99 Red Balloons
30.2%
2:50Rock Me Amadeus
29.4%
4:11Work It
26.5%
0:36Bennie And The Jets
26.4%
2:43I Still Haven't Found What I'm Looking For
25.5%
0:00Heartbreak Hotel
25.1%
0:06Baby Love
24%
1:21Car Wash
21.8%
2:57She Drives Me Crazy
21.8%
3:04Need You Tonight
15.9%
1:01Saturday Night
13.1%
2:36One Night In Bangkok
12.8%

You're not logged in!

Compare scores with friends on all Sporcle quizzes.
Join for Free
OR
Log In

You Might Also Like...

Show Comments

Extras

Top Quizzes Today


Score Distribution

Your Account Isn't Verified!

In order to create a playlist on Sporcle, you need to verify the email address you used during registration. Go to your Sporcle Settings to finish the process.

Report this User

Report this user for behavior that violates our Community Guidelines.

Details: